00922nam a2200217 a 4500001001000000003000500010005001700015008004100032010001100073011001100084040000900095100002600104245022500130260004100355500006000396502008400456650003400540650003200574650002800606856007000634000116030CHAP20220329144558.0190829s2019 mx | |sm |||||||spa d a112491 a113463 cCHAP1 aMarcos Rivera, Uriel.10aDiversidad y uso de hábitat (con énfasis en comportamientos alimenticios) por aves en los planos vertical y horizontal de un bosque templado en el eje volcánico transmexicanoh[En línea]cpor Uriel Marcos Rivera. aChapingo, Méx. :bEl autor,c2019. aPara ver el contenido del material haga clic en la liga aTesis (M. C. en Ciencias Forestales) -- UACH. Divición de Ciencias Forestales14aAvesxHábitos alimenticios.14aAvesxHábitos y conducta.14aAvesxIdentificación. aFinding aiduhttp://10.13.5.2/tesis/sist116030.pdfzTeclea aquí